Online Catalogue and eLibrary

Bhupendranath Datta: (Record no. 1064)

MARC details
000 -LEADER
fixed length control field 00483nam a2200181Ia 4500
005 - DATE AND TIME OF LATEST TRANSACTION
control field 20250312021942.0
008 - FIXED-LENGTH DATA ELEMENTS--GENERAL INFORMATION
fixed length control field 240331s9999 xx 000 0 und d
020 ## - INTERNATIONAL STANDARD BOOK NUMBER
ISBN 8170741475
082 ## - DDC Classification
Class No. 301.09
Item Number - Author Mark CHA
DDC Edition Number 3702
100 ## - MAIN ENTRY--PERSONAL NAME
Personal name Chattopadhyay, A
245 #0 - TITLE STATEMENT
Title Bhupendranath Datta:
Remainder of title And his study of Indian Society
260 ## - PUBLICATION, DISTRIBUTION, ETC.
Place of publication, distribution, etc. Calcutta,
Name of publisher, distributor, etc. K P Bagchi & Company
Date of publication, distribution, etc. 1994
300 ## - PHYSICAL DESCRIPTION
Extent (e.g. Volumes, Pages etc.) viii, 221 p.,
650 ## - SUBJECT ADDED ENTRY--TOPICAL TERM
Topical term or geographic name entry element India
650 ## - SUBJECT ADDED ENTRY--TOPICAL TERM
Topical term or geographic name entry element Society
650 ## - SUBJECT ADDED ENTRY--TOPICAL TERM
Topical term or geographic name entry element Historical Analysis
942 ## - Koha item type (Biblio)
Koha item type Books in Stacks (Lending)
Holdings
Lost status Damaged status Collection code Home library Current library Shelving location Date acquired Full call number Accession Number Item type
    Lending WERC Library WERC Library Social Science Cupboard 03/31/2024 301.09 CHA 3702 Books in Stacks (Lending)

© WERC Library